| 000 | 00504nam a22001697a 4500 | ||
|---|---|---|---|
| 999 |
_c8936 _d8936 |
||
| 008 | 210305b ||||| |||| 00| 0 eng d | ||
| 040 | _aBMS College of Architecture | ||
| 100 | _aRaj, B, Kruthika | ||
| 245 | _aCommunity sports complex | ||
| 300 | _aNA | ||
| 500 | _a1BM08AT019 | ||
| 502 |
_8B.Arch _NBMS College of Architecture, Visvesvaraya Technological University (VTU) _aProject report _d2013 |
||
| 650 | _aSports | ||
| 700 |
_aVaseem A S _eGuide |
||
| 700 |
_aSathish S _eGuide |
||
| 942 |
_2ddc _cTHE |
||